Summary of Doctoral theses/ (Record no. 11821)

MARC details
000 -LEADER
fixed length control field 00620nam a22002057a 4500
005 - DATE AND TIME OF LATEST TRANSACTION
control field 20240517071533.0
008 - FIXED-LENGTH DATA ELEMENTS--GENERAL INFORMATION
fixed length control field 240517b |||||||| |||| 00| 0 eng d
020 ## - INTERNATIONAL STANDARD BOOK NUMBER
International Standard Book Number 9789393864130
040 ## - CATALOGING SOURCE
Original cataloging agency IN-DiNC
Transcribing agency IN-DiNC
041 ## - LANGUAGE CODE
Language code of sung or spoken text English
082 ## - DEWEY DECIMAL CLASSIFICATION NUMBER
Classification number 011.75
Item number SUM
245 ## - TITLE STATEMENT
Title Summary of Doctoral theses/
Statement of responsibility, etc. ed. by Dipamani Das and Kshirod Saikia
250 ## - EDITION STATEMENT
Remainder of edition statement V. 10
260 ## - PUBLICATION, DISTRIBUTION, ETC.
Place of publication, distribution, etc. Guwahati:
Name of publisher, distributor, etc. Assam College Teachers Association/
Date of publication, distribution, etc. 2022.
300 ## - PHYSICAL DESCRIPTION
Extent 312p.
650 ## - SUBJECT ADDED ENTRY--TOPICAL TERM
Topical term or geographic name entry element Abstract of the theses of the college teachers of Assam
700 ## - ADDED ENTRY--PERSONAL NAME
Personal name Das, Dipamani
Relator term Editor
700 ## - ADDED ENTRY--PERSONAL NAME
Personal name Saikia, Kshirod
Relator term Editor
942 ## - ADDED ENTRY ELEMENTS (KOHA)
Source of classification or shelving scheme Dewey Decimal Classification
Koha item type Books
Holdings
Withdrawn status Lost status Source of classification or shelving scheme Damaged status Not for loan Collection code Home library Current library Shelving location Date acquired Cost, normal purchase price Total Checkouts Full call number Barcode Date last seen Copy number Price effective from Koha item type
    Dewey Decimal Classification     Reference Central Library, Naharkatiya College Central Library, Naharkatiya College Reference 17/05/2024 500.00   011.75 SUM 30018 18/09/2025 1 17/05/2024 Books

Naharkatiya College © 2020. All rights reserved.

Powered By